[Event "San Jose Goicoechea 2nd"]
[Site "San Jose"]
[Date "2014.12.05"]
[Round "6"]
[White "Carvajal Gorgona, Jonathan G"]
[Black "Gonzalez Acosta, Jaime Roy"]
[Result "1-0"]
[WhiteElo "2183"]
[BlackElo "2070"]
[PlyCount "51"]
[EventDate "2014.11.28"]
[EventType "tourn"]
[EventRounds "10"]
[EventCountry "CRI"]
[SourceTitle "EXT 2016"]
[Source "ChessBase"]
[SourceDate "2015.10.08"]
[SourceVersion "1"]
[SourceVersionDate "2015.10.08"]
[SourceQuality "1"]

1. e4 c5 2. Nc3 Nc6 3. f4 g6 4. Nf3 Bg7 5. Bc4 e6 6. f5 Nge7 7. fxe6 dxe6 8. 0-0 0-0 9. d3 a6 10. a4 b6 11. Bg5 Bb7 12. Qe1 Nd4 13. Nxd4 cxd4 14. Ne2 Rc8 15. Qh4 Rc7 16. Rf6 b5 17. axb5 axb5 18. Bb3 Rc5 19. Rf3 Rc7 20. g4 Qd6 21. Rh3 h5 22. gxh5 gxh5 23. Qxh5 Ra8 24. Rf1 Nc6 25. Qh7+ Kf8 26. Nf4 1-0

[Event "CRI-ch 76th"]
[Site "San Jose"]
[Date "2013.11.24"]
[Round "11"]
[White "Carvajal Gorgona, Jonathan G"]
[Black "Solano Cuya, Bryan"]
[Result "1/2-1/2"]
[WhiteElo "2239"]
[BlackElo "2061"]
[PlyCount "64"]
[EventDate "2013.11.15"]
[EventType "tourn"]
[EventRounds "13"]
[EventCountry "CRI"]
[EventCategory "1"]
[SourceTitle "CBM 157 Extra"]
[Source "ChessBase"]
[SourceDate "2013.12.19"]
[SourceVersion "1"]
[SourceVersionDate "2013.12.19"]
[SourceQuality "1"]

1. d4 d5 2. c4 e5 3. e3 Nc6 4. dxe5 Bb4+ 5. Bd2 Bf5 6. Bxb4 Nxb4 7. Qa4+ Nc6 8. Nc3 d4 9. Rd1 Nge7 10. Nf3 0-0 11. Nxd4 Nxd4 12. exd4 Nc6 13. Nd5 Qh4 14. Bd3 Bxd3 15. Rxd3 Qe4+ 16. Kd2 Nxd4 17. Re1 Qxg2 18. Kc3 Qxf2 19. Qd1 Ne6 20. Rh3 Nf4 21. Ne7+ Kh8 22. Rf1 Qc5 23. Rxf4 Qxe5+ 24. Qd4 Qxe7 25. Rfh4 Qe1+ 26. Kb3 Qb1 27. Qg1 Qg6 28. Qxg6 fxg6 29. Rxh7+ Kg8 30. Rh8+ Kf7 31. Rf3+ Ke7 32. Re3+ Kf7 1/2-1/2

[Event "CRI-ch 76th"]
[Site "San Jose"]
[Date "2013.11.22"]
[Round "8"]
[White "Gonzalez Acosta, Bernal Manuel"]
[Black "Carvajal Gorgona, Jonathan G"]
[Result "1-0"]
[WhiteElo "2454"]
[BlackElo "2239"]
[PlyCount "99"]
[EventDate "2013.11.15"]
[EventType "tourn"]
[EventRounds "13"]
[EventCountry "CRI"]
[EventCategory "1"]
[SourceTitle "CBM 157 Extra"]
[Source "ChessBase"]
[SourceDate "2013.12.19"]
[SourceVersion "1"]
[SourceVersionDate "2013.12.19"]
[SourceQuality "1"]

1. d4 Nf6 2. c4 e6 3. Nf3 d5 4. g3 Be7 5. Bg2 0-0 6. 0-0 dxc4 7. Qc2 a6 8. Qxc4 b5 9. Qc2 Bb7 10. Bd2 Be4 11. Qc1 Bb7 12. Rd1 Qc8 13. Bg5 Nbd7 14. Ne5 Bxg2 15. Kxg2 c5 16. f3 Ra7 17. a4 Rc7 18. axb5 axb5 19. Nxd7 Rxd7 20. Na3 cxd4 21. Nxb5 h6 22. Bxf6 Bxf6 23. Rd2 Qxc1 24. Rxc1 Rb8 25. Na3 Rdb7 26. Nc4 Kf8 27. f4 Rb3 28. Rd3 h5 29. Rc2 g6 30. Rxb3 Rxb3 31. Nd2 Rb7 32. b3 Ke7 33. Kf3 Kd7 34. Ke4 Ra7 35. Kd3 Ra1 36. Nf3 Kd6 37. Kc4 e5 38. fxe5+ Bxe5 39. Nxd4 Bxd4 40. Kxd4 Rb1 41. Kc3 g5 42. Rd2+ Kc5 43. e4 Rc1+ 44. Kd3 h4 45. Rf2 hxg3 46. hxg3 Kb4 47. Rxf7 Rc3+ 48. Kd4 Rxg3 49. Rb7+ Ka5 50. e5 1-0

[Event "Budapest op 08"]
[Site "Budapest"]
[Date "2012.08.25"]
[Round "8"]
[White "Carvajal Gorgona, Jonathan G"]
[Black "Szepes, Tamas"]
[Result "1/2-1/2"]
[WhiteElo "2153"]
[BlackElo "2227"]
[PlyCount "104"]
[EventDate "2012.08.18"]
[EventType "swiss"]
[EventRounds "9"]
[EventCountry "HUN"]
[SourceTitle "EXT 2014"]
[Source "ChessBase"]
[SourceDate "2013.11.20"]
[SourceVersion "1"]
[SourceVersionDate "2013.11.20"]
[SourceQuality "1"]

1. d4 Nf6 2. Nf3 e6 3. c4 b6 4. g3 Bb7 5. Bg2 c5 6. 0-0 cxd4 7. b3 Qc7 8. Nxd4 Bxg2 9. Kxg2 Nc6 10. Bb2 Nxd4 11. Bxd4 Bc5 12. Nc3 Qc6+ 13. f3 0-0 14. Bxf6 gxf6 15. e4 Rad8 16. Qd3 Bb4 17. Rac1 Bxc3 18. Rxc3 Rc8 19. Rd1 Rfd8 20. Qd4 Kg7 21. Rcd3 d6 22. Qe3 Rd7 23. e5 fxe5 24. Rxd6 Rxd6 25. Qxe5+ Kf8 26. Qxd6+ Qxd6 27. Rxd6 Ke7 28. Rd2 Rc5 29. Kf2 e5 30. Ke3 Ke6 31. g4 a6 32. Ke4 Rc8 33. g5 h6 34. h4 hxg5 35. hxg5 Rh8 36. Ke3 Rh1 37. Rd8 Re1+ 38. Kd2 Ra1 39. a4 Ra2+ 40. Kc1 Rf2 41. Rb8 Rxf3 42. Rxb6+ Kf5 43. Rf6+ Ke4 44. Kc2 Rg3 45. Rxa6 Rxg5 46. Rf6 Kd4 47. Rxf7 Rg2+ 48. Kb1 e4 49. Re7 e3 50. Kc1 Kd3 51. Rd7+ Kc3 52. Kd1 Kxb3 1/2-1/2

[Event "Budapest op 08"]
[Site "Budapest"]
[Date "2012.08.21"]
[Round "4"]
[White "Carvajal Gorgona, Jonathan G"]
[Black "Nagy, Aron"]
[Result "1-0"]
[WhiteElo "2153"]
[BlackElo "2091"]
[PlyCount "101"]
[EventDate "2012.08.18"]
[EventType "swiss"]
[EventRounds "9"]
[EventCountry "HUN"]
[SourceTitle "EXT 2014"]
[Source "ChessBase"]
[SourceDate "2013.11.20"]
[SourceVersion "1"]
[SourceVersionDate "2013.11.20"]
[SourceQuality "1"]

1. d4 d5 2. c4 c6 3. Nf3 Nf6 4. Nbd2 Bf5 5. Nh4 Bg6 6. Qb3 Qb6 7. Qh3 Nbd7 8. Nxg6 fxg6 9. e3 c5 10. cxd5 cxd4 11. Nc4 Qc5 12. d6 b5 13. exd4 Qxd4 14. Be3 Qg4 15. Na5 a6 16. a4 b4 17. Rc1 exd6 18. Rc6 Qxh3 19. gxh3 Be7 20. Rxa6 Kf7 21. Nc6 Rxa6 22. Bxa6 Nc5 23. Bxc5 dxc5 24. Bc4+ Ke8 25. Ne5 Rf8 26. Bb5+ Kd8 27. Nc6+ Kd7 28. 0-0 Bd6 29. Nxb4+ Kc7 30. Nd3 Ne4 31. Kg2 Nd2 32. Rc1 Kb6 33. b4 c4 34. Rc2 cxd3 35. Rc6+ Ka7 36. Rxd6 Rxf2+ 37. Kxf2 Ne4+ 38. Ke3 Nxd6 39. Bxd3 Kb6 40. Kd4 Nf5+ 41. Bxf5 gxf5 42. Ke5 g6 43. h4 h5 44. Kd5 Kc7 45. a5 Kb7 46. b5 Kc7 47. Kc5 Kb7 48. a6+ Kb8 49. b6 Ka8 50. Kc6 f4 51. Kc7 1-0

[Event "Budapest op 08"]
[Site "Budapest"]
[Date "2012.08.20"]
[Round "3"]
[White "Kanarkiewicz, Michal"]
[Black "Carvajal Gorgona, Jonathan G"]
[Result "1/2-1/2"]
[WhiteElo "2076"]
[BlackElo "2153"]
[PlyCount "87"]
[EventDate "2012.08.18"]
[EventType "swiss"]
[EventRounds "9"]
[EventCountry "HUN"]
[SourceTitle "EXT 2014"]
[Source "ChessBase"]
[SourceDate "2013.11.20"]
[SourceVersion "1"]
[SourceVersionDate "2013.11.20"]
[SourceQuality "1"]

1. e4 e6 2. d4 d5 3. Nc3 Bb4 4. e5 c5 5. a3 Bxc3+ 6. bxc3 Ne7 7. Qg4 Qc7 8. Qxg7 Rg8 9. Qxh7 cxd4 10. Ne2 Nbc6 11. f4 dxc3 12. Qd3 Bd7 13. Be3 Nf5 14. Bf2 0-0-0 15. Qxc3 Kb8 16. 0-0-0 Rc8 17. g4 Nfe7 18. Rg1 d4 19. Nxd4 Nd5 20. Qc5 b6 21. Qd6 Qxd6 22. exd6 Nxf4 23. Nxc6+ Bxc6 24. Bg3 e5 25. Ba6 Rcd8 26. Rge1 f6 27. Bxf4 exf4 28. Re6 Rxg4 29. Rxf6 f3 30. d7 Kc7 31. Rd3 Ra4 32. Bc8 Bxd7 33. Bxd7 Rxd7 34. Rxd7+ Kxd7 35. Rxf3 Kc6 36. Rh3 Rg4 37. Rh5 b5 38. Kb2 Kb6 39. Rh6+ Ka5 40. h4 Rg3 41. h5 Rh3 42. Rh8 a6 43. h6 Ka4 44. h7 1/2-1/2

[Event "CRI-chT"]
[Site "San Jose"]
[Date "2012.07.25"]
[Round "3.1"]
[White "Zamora Mejias, Alonso"]
[Black "Carvajal Gorgona, Jonathan G"]
[Result "1/2-1/2"]
[WhiteElo "1928"]
[BlackElo "2145"]
[PlyCount "40"]
[EventDate "2012.07.22"]
[EventType "team-tourn"]
[EventRounds "9"]
[EventCountry "CRI"]
[SourceTitle "EXT 2013"]
[Source "ChessBase"]
[SourceDate "2012.11.22"]
[SourceVersion "1"]
[SourceVersionDate "2012.11.22"]
[SourceQuality "1"]
[WhiteTeam "Costa Rica Univ"]
[BlackTeam "Goicoechea"]
[WhiteTeamCountry "CRI"]
[BlackTeamCountry "CRI"]

1. d4 Nf6 2. c4 e6 3. Nc3 d5 4. e3 Be7 5. Nf3 0-0 6. b3 b6 7. Bd3 Bb7 8. 0-0 Nbd7 9. Qe2 Ne4 10. Bxe4 dxe4 11. Nd2 f5 12. f3 exf3 13. Nxf3 Nf6 14. Bb2 Bd6 15. Nb5 Ne4 16. Nxd6 cxd6 17. d5 e5 18. Nd2 Nxd2 19. Qxd2 Rc8 20. a4 g5 1/2-1/2

[Event "CRI-ch"]
[Site "San Jose"]
[Date "2010.07.30"]
[Round "4"]
[White "Murillo Tsijli, Alexis"]
[Black "Carvajal Gorgona, Jonathan G"]
[Result "1-0"]
[WhiteElo "2286"]
[BlackElo "2186"]
[PlyCount "61"]
[EventDate "2010.07.26"]
[EventType "tourn"]
[EventRounds "13"]
[EventCountry "CRI"]
[SourceTitle "CBM 137 Extra"]
[Source "ChessBase"]
[SourceDate "2010.09.01"]
[SourceVersion "1"]
[SourceVersionDate "2010.09.01"]
[SourceQuality "1"]

1. e4 e6 2. d4 d5 3. Nd2 dxe4 4. Nxe4 Nd7 5. Nf3 Ngf6 6. Nxf6+ Nxf6 7. Be2 c5 8. 0-0 cxd4 9. Qxd4 Qxd4 10. Nxd4 a6 11. Bf3 Be7 12. Nc6 Bc5 13. b4 Bd7 14. bxc5 Bxc6 15. Bxc6+ bxc6 16. Rb1 Nd7 17. Rb7 0-0-0 18. Ra7 Kb8 19. Rxa6 Kb7 20. Ra4 Ra8 21. Rd4 Kc7 22. a3 Ra5 23. Rfd1 Rd8 24. Bf4+ Kc8 25. Bd6 Ra7 26. h3 Re8 27. a4 e5 28. Rb4 f6 29. Rdb1 Re6 30. c4 f5 31. a5 1-0

[Event "CRI-ch"]
[Site "San Jose"]
[Date "2010.07.26"]
[Round "1"]
[White "Carvajal Gorgona, Jonathan G"]
[Black "Gonzalez Acosta, Bernal Manuel"]
[Result "0-1"]
[WhiteElo "2186"]
[BlackElo "2423"]
[PlyCount "126"]
[EventDate "2010.07.26"]
[EventType "tourn"]
[EventRounds "13"]
[EventCountry "CRI"]
[SourceTitle "CBM 137 Extra"]
[Source "ChessBase"]
[SourceDate "2010.09.01"]
[SourceVersion "1"]
[SourceVersionDate "2010.09.01"]
[SourceQuality "1"]

1. e4 e5 2. Nf3 Nf6 3. Nxe5 d6 4. Nf3 Nxe4 5. d3 Nf6 6. d4 Be7 7. Bd3 0-0 8. 0-0 Bg4 9. h3 Bh5 10. c3 c5 11. Be2 Re8 12. Qb3 Qc7 13. Be3 Nc6 14. Nbd2 Na5 15. Qc2 Nd5 16. Bd3 Bg6 17. Bxg6 hxg6 18. Qe4 Qc6 19. Qg4 Qc8 20. Rfe1 Bf6 21. Bg5 Qxg4 22. hxg4 cxd4 23. Bxf6 Nxf6 24. Nxd4 Nxg4 25. Nb5 d5 26. Nb3 Nc4 27. Nc5 Nxb2 28. Nd6 Rxe1+ 29. Rxe1 b6 30. Nd7 Nc4 31. Nxc4 dxc4 32. Re4 Rd8 33. Rxg4 Rxd7 34. Rxc4 f6 35. Kf1 Rd2 36. a4 Ra2 37. g3 Kh7 38. Rh4+ Kg8 39. Rc4 g5 40. g4 Kh7 41. Kg2 Kh6 42. Kf3 g6 43. Ke3 f5 44. f3 Ra1 45. Kd4 Rf1 46. Ke3 Re1+ 47. Kf2 Ra1 48. Ke2 Ra2+ 49. Kd3 f4 50. Rd4 Rf2 51. Ke4 Re2+ 52. Kd5 Re3 53. c4 Kg7 54. Kc6 Rxf3 55. Rd7+ Kf6 56. Rxa7 Rc3 57. Kd5 Rd3+ 58. Ke4 Re3+ 59. Kd4 Re8 60. Ra6 Re6 61. Ra8 Kf7 62. Ra7+ Re7 63. Ra6 f3 0-1

[Event "CRI-ch Phase 1.1"]
[Site "San Jose"]
[Date "2009.02.17"]
[Round "7"]
[White "Carvajal Gorgona, Jonathan G"]
[Black "Jimenez, Alvarado Alonso"]
[Result "1/2-1/2"]
[WhiteElo "2175"]
[BlackElo "2109"]
[PlyCount "21"]
[EventDate "2009.01.31"]
[EventType "swiss"]
[EventRounds "9"]
[EventCountry "CRI"]
[SourceTitle "EXT 2024"]
[Source "ChessBase"]
[SourceDate "2023.10.10"]
[SourceVersion "1"]
[SourceVersionDate "2023.10.10"]
[SourceQuality "1"]

1. d4 d5 2. Nf3 c6 3. e3 Bf5 4. Bd3 Bg6 5. 0-0 Nf6 6. b3 e6 7. Bb2 Bd6 8. Qe2 Nbd7 9. Nbd2 0-0 10. Bxg6 hxg6 11. c4 1/2-1/2

[Event "CRI-ch Phase 1.1"]
[Site "San Jose"]
[Date "2009.01.31"]
[Round "1"]
[White "Carvajal Gorgona, Jonathan G"]
[Black "Rodriguez Chaverri, David"]
[Result "1-0"]
[WhiteElo "2175"]
[BlackElo "1968"]
[PlyCount "65"]
[EventDate "2009.01.31"]
[EventType "swiss"]
[EventRounds "9"]
[EventCountry "CRI"]
[SourceTitle "EXT 2024"]
[Source "ChessBase"]
[SourceDate "2023.10.10"]
[SourceVersion "1"]
[SourceVersionDate "2023.10.10"]
[SourceQuality "1"]

1. e4 c5 2. Nc3 e6 3. f4 Nc6 4. Nf3 a6 5. g3 d5 6. d3 Nf6 7. e5 Nd7 8. Bg2 Be7 9. 0-0 b5 10. Ne2 0-0 11. c3 f5 12. exf6 Nxf6 13. h3 Bd7 14. Be3 Be8 15. Qe1 Rb8 16. a3 a5 17. Ng5 Qc8 18. f5 exf5 19. Nf4 Bd6 20. Nge6 Bf7 21. Bxc5 Bxc5+ 22. Nxc5 b4 23. axb4 axb4 24. Qf2 Rd8 25. Rfe1 Rd6 26. Ne2 d4 27. Qf4 Rd8 28. c4 Ne7 29. Nb3 Ng6 30. Qf2 Ne5 31. Rad1 Qa6 32. Nexd4 g6 33. Rxe5 1-0

[Event "CRI-ch Phase1 72nd"]
[Site "Moravia"]
[Date "2008.05.22"]
[Round "6"]
[White "Machado Ramirez, Allan"]
[Black "Carvajal Gorgona, Jonathan G"]
[Result "1-0"]
[WhiteElo "2068"]
[BlackElo "2173"]
[PlyCount "109"]
[EventDate "2008.05.17"]
[EventType "swiss"]
[EventRounds "9"]
[EventCountry "CRI"]
[SourceTitle "EXT 2009"]
[Source "ChessBase"]
[SourceDate "2008.11.26"]
[SourceVersion "1"]
[SourceVersionDate "2008.11.26"]
[SourceQuality "1"]

1. e4 e6 2. d4 d5 3. Nc3 Bb4 4. e5 c5 5. a3 Bxc3+ 6. bxc3 Qa5 7. Bd2 Qa4 8. Be3 c4 9. Qd2 Nc6 10. Be2 Bd7 11. Bd1 0-0-0 12. Nf3 Rf8 13. 0-0 Kb8 14. Be2 Nge7 15. Rfb1 Nc8 16. Rb2 Nb6 17. Qe1 Qa5 18. Bd2 Na4 19. Rbb1 a6 20. Bd1 Ka8 21. Qe3 Ne7 22. Rb4 Nf5 23. Qe1 h6 24. g4 Ne7 25. h4 Rc8 26. Kg2 Rc6 27. Rab1 Rb6 28. Ng1 Ka7 29. Qe3 Nc6 30. Rxb6 Nxb6 31. Bc1 Na4 32. Bd2 Rc8 33. Ne2 Ne7 34. Be1 Rc6 35. Qc1 Rb6 36. f4 Rxb1 37. Qxb1 Qb6 38. Qb4 Nc8 39. Ng3 Qd8 40. Kh3 a5 41. Qb1 Ka6 42. Nf1 Na7 43. Ne3 Nb5 44. Qa1 Qe7 45. f5 Qxa3 46. Qxa3 Nxa3 47. f6 g6 48. h5 Be8 49. g5 Nb5 50. gxh6 Nb6 51. h7 a4 52. Bd2 a3 53. Bc1 a2 54. Bb2 Na4 55. Ba1 1-0

[Event "CRI-ch qual"]
[Site "San Jose"]
[Date "2005.06.16"]
[Round "5"]
[White "Carvajal Gorgona, Jonathan G"]
[Black "Alfaro Murillo, Carlos Andres"]
[Result "0-1"]
[WhiteElo "2123"]
[BlackElo "2058"]
[PlyCount "58"]
[EventDate "2005.06.??"]
[EventType "swiss"]
[EventRounds "9"]
[EventCountry "CRI"]
[SourceTitle "EXT 2006"]
[Source "ChessBase"]
[SourceDate "2005.11.24"]
[SourceVersion "1"]
[SourceVersionDate "2005.11.24"]
[SourceQuality "1"]

1. e4 c5 2. Nf3 d6 3. d4 cxd4 4. Nxd4 Nf6 5. Nc3 a6 6. f3 e5 7. Nb3 Be6 8. Be3 Be7 9. Qd2 0-0 10. 0-0-0 a5 11. Bb5 Nc6 12. g4 Qb8 13. g5 Ne8 14. Nd5 Bxd5 15. exd5 a4 16. Nc5 dxc5 17. dxc6 Nc7 18. Qd7 Nxb5 19. Qxe7 b6 20. Rd7 Qe8 21. Rhd1 a3 22. c4 axb2+ 23. Kxb2 Na3 24. Kb3 Qc8 25. Ra7 Qxc6 26. Rxa3 Qxf3 27. Rd3 Qe2 28. Qd6 Rxa3+ 29. Kxa3 Ra8+ 0-1

[Event "CRI-ch qual"]
[Site "San Jose"]
[Date "2005.06.13"]
[Round "3"]
[White "Carvajal Gorgona, Jonathan G"]
[Black "Solis Gaitan, Efren"]
[Result "1/2-1/2"]
[WhiteElo "2123"]
[BlackElo "2127"]
[PlyCount "82"]
[EventDate "2005.06.??"]
[EventType "swiss"]
[EventRounds "9"]
[EventCountry "CRI"]
[SourceTitle "EXT 2006"]
[Source "ChessBase"]
[SourceDate "2005.11.24"]
[SourceVersion "1"]
[SourceVersionDate "2005.11.24"]
[SourceQuality "1"]

1. e4 g6 2. Nc3 Bg7 3. f4 e6 4. Nf3 Ne7 5. d4 d5 6. Be3 a6 7. a4 Nd7 8. Qd2 dxe4 9. Nxe4 Nb6 10. c4 f5 11. Nc5 a5 12. Ne5 Qd6 13. Be2 c6 14. 0-0 0-0 15. Rfd1 Qc7 16. b4 axb4 17. a5 Nd7 18. Nxe6 Qd6 19. Nxf8 Nxf8 20. c5 Qe6 21. d5 cxd5 22. Bd4 Nd7 23. Nxd7 Bxd7 24. Bxg7 Kxg7 25. Qd4+ Kf7 26. Bf3 Bc6 27. Re1 Qd7 28. Re5 Rd8 29. Rd1 b3 30. Qc3 Qc7 31. Rde1 Rd7 32. Re6 Ng8 33. Qh8 Re7 34. Qxh7+ Kf8 35. Qxg6 Rxe6 36. Rxe6 Qxf4 37. Bh5 Qd4+ 38. Kf1 Bb5+ 39. Be2 Qf4+ 40. Ke1 Qc1+ 41. Kf2 Qf4+ 1/2-1/2

[Event "CRI-ch qual"]
[Site "San Jose"]
[Date "2005.06.12"]
[Round "2"]
[White "Centeno, Erick"]
[Black "Carvajal Gorgona, Jonathan G"]
[Result "0-1"]
[WhiteElo "2072"]
[BlackElo "2123"]
[PlyCount "128"]
[EventDate "2005.06.??"]
[EventType "swiss"]
[EventRounds "9"]
[EventCountry "CRI"]
[SourceTitle "EXT 2006"]
[Source "ChessBase"]
[SourceDate "2005.11.24"]
[SourceVersion "1"]
[SourceVersionDate "2005.11.24"]
[SourceQuality "1"]

1. e4 e6 2. d4 c5 3. d5 exd5 4. exd5 d6 5. Nf3 Bg4 6. Be2 Be7 7. 0-0 Nf6 8. c4 0-0 9. Nc3 Nbd7 10. h3 Bxf3 11. Bxf3 Ne8 12. Qc2 Bf6 13. Ne4 a6 14. Be2 Rb8 15. a4 b6 16. Bf4 Ne5 17. Nxf6+ Qxf6 18. Bd2 Nc7 19. Bc3 Qd8 20. f4 Nd7 21. Bd3 h6 22. f5 f6 23. Rae1 Ne5 24. Bxe5 dxe5 25. Be2 Qd6 26. Rc1 Rfc8 27. Rfd1 Kf8 28. Kh1 Ne8 29. Rd2 Qd7 30. b3 Nd6 31. Ra1 Rc7 32. Bd3 Kf7 33. Qb1 b5 34. axb5 axb5 35. Rb2 e4 36. Be2 Qxf5 37. Bg4 Qe5 38. Be6+ Kg6 39. Ra6 Kh7 40. Rxd6 Qxd6 41. Qxe4+ g6 42. Rf2 f5 43. Qe3 bxc4 44. Qc1 cxb3 45. Qc3 c4 46. h4 h5 47. g4 b2 48. Rxb2 Rxb2 49. Qxb2 fxg4 50. Qb8 g3 51. Qg8+ Kh6 52. Qh8+ Rh7 53. Qf6 Rg7 54. Qg5+ Kh7 55. Qf6 Qc7 56. d6 Qc6+ 57. Kg1 c3 58. d7 Qc5+ 59. Kg2 c2 60. d8Q c1Q 61. Bg8+ Rxg8 62. Qf7+ Kh6 63. Qdxg8 Q5g1+ 64. Kf3 Qce3# 0-1